000 00549nam a22001937a 4500
001 BT-PhCST
003 BT-PhCST
005 20190204171658.0
008 151109b xxu||||| |||| 00| 0 eng d
020 _a9788177001006
040 _aBT-PhCST
_cBT-PhCST
_dBT-PhCST
050 _aD3695
082 _222
_a621.38119
100 _aSawhney, A. K.
245 _aA course in electrical and electronic measurements and instrumentation /
260 _aNew Delhi,
_bDhanpat Rai,
_cc2015.
300 _axxiii, 1318p. ;
_bill. ;
_c27 cm.
942 _2ddc
_cEE
999 _c6035
_d6035